000 00298nam a22001337a 4500
008 181012b xxu||||| |||| 00| 0 eng d
020 _a0195021395
041 _aeng
080 _a371
100 _a25
101 _aEDU
245 _aPower and Ideology in Education
_cKarabel, J
942 _2udc
_cBK
999 _c49578
_d49578